| 000 | 00486nam a2200157 4500 | ||
|---|---|---|---|
| 008 | 160926b xxu||||| |||| 00| 0 eng d | ||
| 022 | _a16565649 | ||
| 082 | _aDPer 303.405 H22 May-Sept 2015 n. 6-10 | ||
| 100 |
_915283 _aWanzi, Koh |
||
| 245 |
_aA guide to twitch streaming/ _cKoh Wanzi. |
||
| 260 |
_aQuezon City: _bHardware Zone Phils. Corp., _cc2015. |
||
| 300 |
_av11 i7, pages 82-85; _c30 cm. |
||
| 500 | _aHWM Philippines. | ||
| 650 | 0 |
_915284 _aComputers |
|
| 942 |
_2ddc _cPER |
||
| 999 |
_c4845 _d4845 |
||